000 01974nam a2200313uu 4500
001 1537222
005 20260508093714.0
008 191028s2013 spa
020 _a9788479029555
035 _a1537222
040 _ccomduadb
041 _aspa
082 4 _a771
100 1 0 _aPeterson, Bryan
_4aut
_eaut
_9712121
245 1 3 _aLa exposición fotográfica : retos y soluciones
250 _a1. edición
260 _aMadrid :
_bEdiciones Tutor,
_c2013.
300 _a144 páginas :
_bilustraciones a color.
505 _aCONTENIDO : Introducción. -- Dominar las exposiciones fotográficas creativamente correctas. -- Captar paisajes en cualquier circunstancia. -- Fotografiar el movimiento. -- Fotografiar de noche. -- Utilizar el flash y los reflectores para modificar la luz ambiente. -- Cómo hacer exposiciones artísticas. -- Índice alfabético.
520 3 _aEn la exposición fotográfica: retos y soluciones, Peterson aborda 28 de los retos más comunes de la exposición que los fotógrafos tienen que superar. Se trata de situaciones típicas de exposición con las que tiene que enfrentarse el fotógrafo una y otra vez: escenas de contraste extremo, congelar la acción con poca iluminación, fotografiar la luna llena, exponer al sujeto ante un cielo de puesta del sol, equilibrar el sujeto en la sombra con un fondo muy iluminado y muchas más. En cada una de estas circunstancias, Peterson señala los retos, para ofrecer a continuación una solución sencilla que al mismo tiempo indica cómo un enfoque diferente puede cambiar la imagen de forma decisiva.
650 7 _aFotografía
_xTécnicas
_2lemb
_96343
650 _aFotografía - Manuales
_943164
650 _aFotografías - Iluminación
_9175920
700 1 0 _aDomingo Santamaria, David
_4edt
_eedt
_9423804
700 1 0 _aSchleper, Frank
_4trl
_etrl
_9714969
700 1 0 _aKent, Jeff
_4edt
_eedt
_9793034
700 1 0 _aMazur, Julie
_4edt
_eedt
_9793035
942 _cBOOK
999 _c806745
_d806745